أدب الطلب ومنتهى الأدب كيف تصبح عالماً من علماء الإسلام / (رقم التسجيلة. 87501)

تفاصيل مارك
000 -LEADER
fixed length control field 00767nam a22002057a 4500
005 - DATE AND TIME OF LATEST TRANSACTION
control field 20251108172740.0
008 - FIXED-LENGTH DATA ELEMENTS--GENERAL INFORMATION
fixed length control field 250721s2002 xx 000 0 ara d
020 ## - INTERNATIONAL STANDARD BOOK NUMBER
International Standard Book Number 9772502887
082 14 - DEWEY DECIMAL CLASSIFICATION NUMBER
Classification number 216.13/شوك
100 1# - MAIN ENTRY--PERSONAL NAME
Personal name الشوكاني، محمد بن علي بن محمد بن عبد الله اليمني الصنعائي
Relator term مؤلف
245 10 - TITLE STATEMENT
Title أدب الطلب ومنتهى الأدب كيف تصبح عالماً من علماء الإسلام /
264 1# - PRODUCTION, PUBLICATION, DISTRIBUTION, MANUFACTURE, AND COPYRIGHT NOTICE
Place of production, publication, distribution, manufacture القاهرة :
Name of producer, publisher, distributor, manufacturer مكتبة القرآن،
Date of production, publication, distribution, manufacture, or copyright notice 2002.
300 ## - PHYSICAL DESCRIPTION
Extent 160ص
650 17 - SUBJECT ADDED ENTRY--TOPICAL TERM
Topical term or geographic name as entry element الإجتهاد (فقه إسلامي)
650 17 - SUBJECT ADDED ENTRY--TOPICAL TERM
Topical term or geographic name as entry element الأبحاث
650 17 - SUBJECT ADDED ENTRY--TOPICAL TERM
Topical term or geographic name as entry element أساليب البحث
700 1# - ADDED ENTRY--PERSONAL NAME
Personal name الخشت، محمد عثمان
Relator term محقق
942 ## - ADDED ENTRY ELEMENTS (KOHA)
Source of classification or shelving scheme Dewey Decimal Classification
Koha item type كتب
المقتنيات
حالة السحب حالة الفقدان مصدر التصنيف حالة التلف غير قابل للإعارة المكتبة الرئيسية المكتبة الحالية موقع الرف تاريخ التزويد الرقم المتسلسل Total Checkouts رقم الإستدعاء الباركود تاريخ آخر ظهور تاريخ الفاتورة نوع المادة (كوها)
    Dewey Decimal Classification     المكتبة المركزية المكتبة المركزية الإعارة 28/07/2025 618229   216.13/شوك 618229 28/07/2025 28/07/2025 كتب
Implemented & Customized by: BBB with SCIT (Smart Chains for Information Technology)

Powered by Koha